000 00651nam a2200241Ia 4500
003 OSt
005 20220918205604.0
006 a|||||r|||| 00| 0
007 ta
008 220917b |||||||| |||| 00| 0 eng d
024 _a117,167
037 _cTextual
040 _aARTS
_cARTS
_beng
041 _2eng
_aeng
082 _aV6381.N7, L4
100 _aRudebeck Lars
_9115557
245 0 _aGuinea-Bissau
_b a study of political mobilization
260 _aNewYork
_bAfricana Publishing USA
_c1974
300 _a277p.
_ccm.
650 _aHISTORY
942 _hV6381.N7, L4
_cTEXL
_2CC
999 _c240455
_d240455